[Event "Autunno Scacchistico Magistrale"]
[Site "Venezia ITA"]
[Date "2005.10.29"]
[Round "1"]
[White "Jurkovic, Ante"]
[Black "Redo, Giorgio"]
[Result "1-0"]
[WhiteElo "2339"]
[BlackElo "2037"]
[PlyCount "183"]
[EventDate "2005.10.29"]

1.e4 c5 2.Nf3 Nc6 3.d4 cxd4 4.Nxd4 Nf6 5.Nc3 e5 6.Ndb5 Bb4 7.a3 Bxc3+ 8.
Nxc3 h6 9.Be3 d6 10.Qd2 Be6 11.O-O-O Ke7 12.f3 a6 13.Qf2 Rc8 14.Bc5 Ne8 
15.Bb6 Qd7 16.Be2 f6 17.g3 Nd8 18.f4 Qc6 19.Rd2 Rf8 20.Rhd1 g5 21.f5 Bc4 
22.Bxc4 Qxc4 23.Qf3 Rh8 24.Qh5 Qf7 25.Nd5+ Kf8 26.Qf3 Nc6 27.Kb1 h5 28.h4 
g4 29.Qb3 Rh7 30.Rd3 Kg7 31.Ne3 Qxb3 32.Rxb3 Kf8 33.Rbd3 Nd8 34.b3 Rd7 35.
a4 Nf7 36.Kb2 Rc6 37.Ba5 b6 38.Be1 Ke7 39.Nd5+ Kd8 40.Nb4 Rdc7 41.Bf2 Kd7 
42.R1d2 a5 43.Nxc6 Rxc6 44.Rc3 Nc7 45.Rxc6 Kxc6 46.c4 Na6 47.Kc3 Nc5 48.
Re2 Nd8 49.b4 axb4+ 50.Kxb4 Nd3+ 51.Kc3 Nxf2 52.Rxf2 Nb7 53.Kd3 Nc5+ 54.
Ke3 Nb7 55.Rb2 Na5 56.Rb4 Kc5 57.Rb5+ Kc6 58.Kd3 Nb7 59.Ke3 Na5 60.Rb1 Nb7
61.Rd1 Nc5 62.a5 bxa5 63.Rb1 Kc7 64.Rb5 Nb7 65.Rb1 Kc6 66.Re1 Nc5 67.Kd2 
a4 68.Ke3 Nb3 69.Kd3 a3 70.Kc2 Nc5 71.Re3 Kb6 72.Rxa3 Nxe4 73.Re3 d5 74.
cxd5 Nd6 75.Rc3 Nxf5 76.Rc6+ Kb5 77.Rxf6 Nxg3 78.Kd3 Kc5 79.d6 Kc6 80.Re6 
Kd7 81.Rxe5 Kxd6 82.Kd4 Kc6 83.Re6+ Kd7 84.Ke5 Ne2 85.Kf6 Nd4 86.Re5 Nf3 
87.Rxh5 g3 88.Rh7+ Ke8 89.Rg7 Nd2 90.h5 Kf8 91.h6 Ne4+ 92.Ke5 1-0

[Event "Autunno Scacchistico Magistrale"]
[Site "Venezia ITA"]
[Date "2005.10.29"]
[Round "1"]
[White "Lorenzini, Adriano"]
[Black "Gallo, Enrico"]
[Result "0-1"]
[WhiteElo "1907"]
[BlackElo "2113"]
[PlyCount "98"]
[EventDate "2005.10.29"]

1.d4 Nf6 2.c4 c5 3.d5 e6 4.Nc3 exd5 5.cxd5 d6 6.e4 g6 7.h3 Bg7 8.Nf3 O-O 
9.Bd3 a6 10.a4 Nbd7 11.O-O b6 12.Bf4 Qc7 13.Re1 Re8 14.Bh2 Bb7 15.Nd2 Rab8
16.Nc4 Bf8 17.g4 Ba8 18.Qf3 b5 19.axb5 axb5 20.Rxa8 bxc4 21.Rxb8 Qxb8 22.
Bxc4 Qxb2 23.g5 Qd2 24.Qe3 Qxe3 25.Rxe3 Nb6 26.Bb5 Nfd7 27.Bc6 Rd8 28.Re2 
Ne5 29.Bxe5 dxe5 30.Ra2 Be7 31.h4 f6 32.Ra7 Nc8 33.gxf6 Bxf6 34.Ra5 Be7 
35.Kg2 Nb6 36.Kg3 Rf8 37.Ra7 Bd8 38.Na4 Nc4 39.Rd7 Nd2 40.Nxc5 Rf3+ 41.Kg2
Bxh4 42.d6 Rxf2+ 43.Kh3 Nf3 44.Bd5+ Kh8 45.Rf7 Rh2+ 46.Kg4 Ng5 47.Rf8+ Kg7
48.Rg8+ Kh6 49.d7 Bf2 0-1

[Event "Autunno Scacchistico Magistrale"]
[Site "Venezia ITA"]
[Date "2005.10.29"]
[Round "1"]
[White "Opacic, Alexandar"]
[Black "Trangoni, Bruno"]
[Result "1-0"]
[WhiteElo "2122"]
[BlackElo "1946"]
[PlyCount "55"]
[EventDate "2005.10.29"]

1.e4 g6 2.d4 Bg7 3.Nc3 c6 4.f4 d5 5.e5 h5 6.Bd3 Nh6 7.Nf3 Bg4 8.h3 Bxf3 9.
Qxf3 e6 10.Be3 Nd7 11.O-O-O b5 12.g4 b4 13.Ne2 hxg4 14.hxg4 Qa5 15.Kb1 c5 
16.f5 cxd4 17.f6 Bf8 18.Bxd4 Rg8 19.Nf4 O-O-O 20.g5 Nf5 21.Bxf5 gxf5 22.g6
Bc5 23.gxf7 Rg4 24.Nxe6 Bxd4 25.Nxd4 Qb6 26.Qxd5 Nf8 27.Qa8+ Kc7 28.Nb5+ 
1-0

[Event "Autunno Scacchistico Magistrale"]
[Site "Venezia ITA"]
[Date "2005.10.29"]
[Round "1"]
[White "Pfeifer, Andreas"]
[Black "Di Lascio, Savino"]
[Result "1-0"]
[WhiteElo "2130"]
[BlackElo "1926"]
[PlyCount "131"]
[EventDate "2005.10.29"]

1.e4 c6 2.c4 d5 3.exd5 cxd5 4.cxd5 Qxd5 5.Nc3 Qe5+ 6.Be2 Bd7 7.Nf3 Qa5 8.
O-O e6 9.d4 Nf6 10.Ne5 Bb4 11.Bf3 Bc6 12.Nxc6 bxc6 13.Bd2 O-O 14.a3 Bxc3 
15.bxc3 Rc8 16.c4 Qc7 17.Rc1 Qd6 18.Bb4 Qd7 19.Qd2 Na6 20.Bc3 Rab8 21.Qg5 
h6 22.Qa5 Qb7 23.g3 Qb6 24.Qa4 c5 25.d5 exd5 26.Be5 Nc7 27.Rb1 Qxb1 28.
Rxb1 Rxb1+ 29.Kg2 d4 30.Qxa7 Ne6 31.h4 Re1 32.Bxf6 gxf6 33.Qa5 Rb1 34.Qd2 
Kg7 35.Be4 Rb3 36.a4 Rcb8 37.Qd1 R8b4 38.Qg4+ Kf8 39.Bd5 Rxa4 40.Bxe6 fxe6
41.Qxe6 Ra2 42.Qxf6+ Ke8 43.Qe6+ Kd8 44.Qd6+ Ke8 45.Qxc5 d3 46.Qe5+ Kd8 
47.Qd5+ Kc8 48.c5 Rba3 49.c6 Ra7 50.Qxd3 Rf7 51.Qd4 h5 52.Qc5 Re2 53.Qb6 
Ra2 54.Qe3 Kd8 55.Qd4+ Kc8 56.Qh8+ Kc7 57.Qe5+ Kb6 58.Qd4+ Kc7 59.Qc5 Kc8 
60.Qb6 Rc2 61.Qa6+ Kb8 62.Qb5+ Kc8 63.Qb6 Ra2 64.c7 Rc2 65.Qb8+ Kd7 66.
Qd8+ 1-0

[Event "Autunno Scacchistico Magistrale"]
[Site "Venezia ITA"]
[Date "2005.10.29"]
[Round "1"]
[White "Pietrobon, Fabio"]
[Black "Faccia, Sergio"]
[Result "1-0"]
[WhiteElo "2166"]
[BlackElo "2004"]
[PlyCount "65"]
[EventDate "2005.10.29"]

1.d4 e5 2.dxe5 f6 3.Bf4 fxe5 4.Bxe5 Nc6 5.Bg3 Nf6 6.Nf3 Bc5 7.e3 d5 8.Bd3 
Bg4 9.Nbd2 O-O 10.O-O Qe7 11.Qe1 Rae8 12.c3 a5 13.Bb5 Bb6 14.Nd4 Nxd4 15.
cxd4 c6 16.Bd3 a4 17.a3 Qd7 18.Qc1 Bc7 19.Bxc7 Qxc7 20.Qc2 Bc8 21.Nf3 Ng4 
22.h3 Rxf3 23.hxg4 Bxg4 24.Bxh7+ Kh8 25.Qg6 Rff8 26.Qxg4 Kxh7 27.g3 Re4 
28.Qh5+ Kg8 29.Kg2 Qe7 30.Rh1 Qf6 31.Raf1 Re6 32.Rh4 b6 33.Qh7+ 1-0

[Event "Autunno Scacchistico Magistrale"]
[Site "Venezia ITA"]
[Date "2005.10.29"]
[Round "1"]
[White "Pomaro, Stefano"]
[Black "Ambrosi, Eleonora"]
[Result "1/2-1/2"]
[WhiteElo "1919"]
[BlackElo "2125"]
[PlyCount "47"]
[EventDate "2005.10.29"]

1.e4 c5 2.b4 cxb4 3.a3 d5 4.exd5 Qxd5 5.Nf3 Bg4 6.axb4 Bxf3 7.Qxf3 Qxf3 8.
gxf3 e6 9.Bb2 Nf6 10.Rg1 Nbd7 11.Na3 Rc8 12.Bd3 Bxb4 13.Rxg7 Ke7 14.Nc4 a6
15.Ne5 Nxe5 16.Bxe5 Bc5 17.Ra4 Rcg8 18.Bxf6+ Kxf6 19.Rxh7 Rg1+ 20.Ke2 Rxh7
21.Bxh7 Rg2 22.d4 Bd6 23.Be4 Rxh2 24.Bxb7 1/2-1/2

[Event "Autunno Scacchistico Magistrale"]
[Site "Venezia ITA"]
[Date "2005.10.29"]
[Round "1"]
[White "Rigo, Gianfrancesco"]
[Black "Giuriati, Paolo"]
[Result "0-1"]
[WhiteElo "2028"]
[BlackElo "2236"]
[PlyCount "100"]
[EventDate "2005.10.29"]

1.Nf3 Nf6 2.b3 d5 3.Bb2 Bf5 4.d3 e6 5.g3 Be7 6.Bg2 O-O 7.Nbd2 h6 8.h3 Nbd7
9.g4 Bg6 10.e3 Re8 11.Qe2 a5 12.a3 a4 13.O-O axb3 14.Nxb3 Ra4 15.Nh4 Bh7 
16.f4 Qa8 17.Nd4 c5 18.Ndf3 Qa6 19.Ne5 Nxe5 20.fxe5 Nd7 21.Qf2 Rf8 22.Nf3 
c4 23.dxc4 Rxc4 24.Rfc1 Qa4 25.Bf1 Rxc2 26.Rxc2 Qxc2 27.Qxc2 Bxc2 28.Rc1 
Ba4 29.Rc7 Rb8 30.Nd4 Bd8 31.Rc1 Bb6 32.Kf2 Nc5 33.Kf3 Ne4 34.Bd3 Nc5 35.
Bb1 Nd7 36.Ne2 Bc6 37.Bd4 Bc7 38.Ng3 Nxe5+ 39.Kg2 Nc4 40.Nh5 e5 41.Bc5 
Nxe3+ 42.Kf3 Nc4 43.Ng3 e4+ 44.Kf2 e3+ 45.Kg2 d4+ 46.Be4 d3 47.Bxc6 d2 48.
Rb1 Bxg3 49.Bxe3 d1=Q 50.Rxd1 Nxe3+ 0-1

[Event "Autunno Scacchistico Magistrale"]
[Site "Venezia ITA"]
[Date "2005.10.29"]
[Round "1"]
[White "Roberti, Ignazio"]
[Black "Omeri, Silvan"]
[Result "1/2-1/2"]
[WhiteElo "1937"]
[BlackElo "2128"]
[PlyCount "112"]
[EventDate "2005.10.29"]

1.Nf3 d5 2.b3 Nf6 3.Bb2 g6 4.e3 Bg7 5.d4 O-O 6.Nbd2 a5 7.a4 c6 8.Bd3 Na6 
9.c3 Bg4 10.h3 Bxf3 11.Nxf3 c5 12.O-O cxd4 13.cxd4 Nb4 14.Rc1 Rc8 15.Qe2 
Qb6 16.Bb1 Ne4 17.Nd2 f5 18.Nxe4 fxe4 19.Rxc8 Rxc8 20.Rc1 Rxc1+ 21.Bxc1 e5
22.dxe5 Bxe5 23.Bb2 Bxb2 24.Qxb2 Qd6 25.Qd4 Nc6 26.Qd2 Qe5 27.Bc2 Nb4 28.
Bd1 Kf7 29.g3 Ke6 30.Qc1 Kd6 31.Be2 Nc6 32.Qa3+ Nb4 33.Qc1 Qf6 34.Qc8 Qe7 
35.Qc3 Nc6 36.Kf1 Qe5 37.Qxe5+ Nxe5 38.Ke1 Kc5 39.Kd2 Kb4 40.Kc2 Nd7 41.f3
Nc5 42.fxe4 dxe4 43.Bc4 Nxa4 44.Bg8 Nc5 45.Bxh7 g5 46.Bg8 b5 47.h4 gxh4 
48.gxh4 Nd7 49.h5 Nf6 50.Bf7 a4 51.bxa4 bxa4 52.h6 a3 53.Bg6 a2 54.Kb2 
a1=Q+ 55.Kxa1 Kc3 56.Bxe4 Kd2 1/2-1/2

[Event "Autunno Scacchistico Magistrale"]
[Site "Venezia ITA"]
[Date "2005.10.29"]
[Round "1"]
[White "Sarakauskiene, Zivile"]
[Black "Marson, Luca"]
[Result "1-0"]
[WhiteElo "2161"]
[BlackElo "1972"]
[PlyCount "59"]
[EventDate "2005.10.29"]

1.e4 c5 2.Nf3 Nc6 3.d4 cxd4 4.Nxd4 Nf6 5.Nc3 d6 6.Bg5 e6 7.Qd2 Be7 8.O-O-O
O-O 9.Ndb5 Qa5 10.f4 Rd8 11.Qe1 Ne8 12.Bxe7 Nxe7 13.Bc4 a6 14.Nd4 b5 15.
Bb3 Bd7 16.e5 d5 17.Nxd5 Qxe1 18.Nxe7+ Kf8 19.Rhxe1 Kxe7 20.c3 a5 21.Kb1 
g6 22.Bc2 Rdc8 23.Be4 Rab8 24.Re3 b4 25.cxb4 axb4 26.g4 h5 27.gxh5 gxh5 
28.Rg3 Nc7 29.Bc6 Bxc6 30.Nxc6+ 1-0

[Event "Autunno Scacchistico Magistrale"]
[Site "Venezia ITA"]
[Date "2005.10.29"]
[Round "1"]
[White "Tomelleri, Alessio"]
[Black "Mosconi, Ariel Oscar"]
[Result "1/2-1/2"]
[WhiteElo "1994"]
[BlackElo "2164"]
[PlyCount "87"]
[EventDate "2005.10.29"]

1.e4 g6 2.d4 Bg7 3.Nc3 c6 4.f4 d5 5.e5 Qb6 6.Be2 Nh6 7.Na4 Qa5+ 8.c3 Qc7 
9.b3 O-O 10.Be3 f6 11.Nf3 Bg4 12.O-O Nf5 13.Bf2 Bxf3 14.Bxf3 fxe5 15.fxe5 
Na6 16.Qd3 b5 17.Nb2 Qb6 18.c4 Nc7 19.c5 Qb7 20.b4 a5 21.a3 Ne6 22.g3 Ra7 
23.a4 Rb8 24.Bg4 bxa4 25.Bxf5 gxf5 26.Qxf5 Qd7 27.Nxa4 Nxc5 28.Qxd7 Nxd7 
29.e6 Nf6 30.bxa5 Rxa5 31.Nc5 Rxa1 32.Rxa1 Ng4 33.Nd7 Rc8 34.Ra4 Nh6 35.h3
Nf5 36.g4 Nd6 37.Bh4 Re8 38.Rb4 Nb5 39.Bf2 Ra8 40.Kg2 Ra3 41.Nb8 Na7 42.
Nd7 Nb5 43.Nb8 Na7 44.Nd7 1/2-1/2

[Event "Autunno Scacchistico Magistrale"]
[Site "Venezia ITA"]
[Date "2005.10.29"]
[Round "1"]
[White "Ventura, Sergio"]
[Black "Dervishi, Erald"]
[Result "1/2-1/2"]
[WhiteElo "2100"]
[BlackElo "2489"]
[PlyCount "160"]
[EventDate "2005.10.29"]

1.c4 e6 2.Nc3 d5 3.e3 Nf6 4.Nf3 Be7 5.b3 O-O 6.Bb2 b6 7.Be2 Bb7 8.O-O Nbd7
9.cxd5 exd5 10.Nd4 Re8 11.Bb5 Bf8 12.Bc6 Qc8 13.Rc1 Bxc6 14.Nxc6 Qb7 15.
Ne2 Nc5 16.Bxf6 Qxc6 17.Ba1 Qd7 18.Qc2 a5 19.f4 Na6 20.Rf3 c5 21.Rh3 h6 
22.Ng3 Rac8 23.Nf5 Rc6 24.Rg3 Rg6 25.Rxg6 fxg6 26.Nh4 g5 27.fxg5 hxg5 28.
Nf3 Nb4 29.Qb1 Qg4 30.a3 Nc6 31.Qg6 Re6 32.Qxg5 Qe4 33.Rf1 Rg6 34.Qh5 Rh6 
35.Qg5 Rg6 36.Qh4 Qxh4 37.Nxh4 Rg4 38.Nf5 c4 39.h3 Re4 40.Ng3 Re6 41.bxc4 
dxc4 42.Rb1 Ne5 43.Rb5 Nd3 44.Nf5 Bxa3 45.Nxg7 Rg6 46.Nh5 Be7 47.Bd4 a4 
48.Bxb6 a3 49.Bd4 Ra6 50.Nf4 Nb4 51.Nd5 Nxd5 52.Rxd5 a2 53.Ba1 Rb6 54.Kf2 
Rb1 55.Bd4 a1=Q 56.Bxa1 Rxa1 57.Rd7 Kf7 58.Rc7 Rc1 59.g3 Ke6 60.h4 Bb4 61.
h5 Bxd2 62.h6 c3 63.g4 Rh1 64.g5 Kf5 65.Rc5+ Kg6 66.Kg2 Rh4 67.Kf3 Ra4 68.
Rc8 Ra7 69.Kg4 Ra4+ 70.Kf3 Ra5 71.Rg8+ Kh7 72.Rg7+ Kh8 73.Ke2 Re5 74.g6 
Rxe3+ 75.Kd1 Re1+ 76.Kc2 Rc1+ 77.Kd3 Rf1 78.Rc7 Bxh6 79.Rh7+ Kg8 80.Rxh6 
Rf3+ 1/2-1/2

[Event "Autunno Scacchistico Magistrale"]
[Site "Venezia ITA"]
[Date "2005.10.29"]
[Round "1"]
[White "Vianello, Enrico"]
[Black "Sarakauskas, Gediminas"]
[Result "0-1"]
[WhiteElo "2086"]
[BlackElo "2437"]
[PlyCount "52"]
[EventDate "2005.10.29"]

1.d4 d6 2.Nf3 Nf6 3.Bg5 Nbd7 4.Nbd2 g6 5.e3 Bg7 6.Bd3 O-O 7.O-O e5 8.c3 
Re8 9.e4 Nf8 10.h3 h6 11.Be3 g5 12.Nh2 Ng6 13.dxe5 dxe5 14.Bc4 Qe7 15.b4 
Rd8 16.Qb3 Nf4 17.Rfd1 Be6 18.f3 Rd3 19.Bxf4 exf4 20.Qc2 Rxd2 21.Rxd2 Bxc4
22.Rad1 Be6 23.a3 Nd7 24.Ng4 h5 25.Nf2 Ne5 26.Qa4 Nc4 0-1

[Event "Autunno Scacchistico Magistrale"]
[Site "Venezia ITA"]
[Date "2005.10.29"]
[Round "1"]
[White "Xia, Jie"]
[Black "Marson, Antonio"]
[Result "1-0"]
[WhiteElo "2111"]
[BlackElo "1854"]
[PlyCount "45"]
[EventDate "2005.10.29"]

1.e4 c6 2.d4 d5 3.Nc3 dxe4 4.Bc4 Nf6 5.f3 e6 6.fxe4 Be7 7.Nf3 O-O 8.Qe2 b5
9.Bd3 Bb7 10.Bg5 Nbd7 11.O-O a6 12.e5 Ne8 13.h4 g6 14.Ne4 c5 15.dxc5 Bxg5 
16.hxg5 Qc7 17.b4 Bxe4 18.Qxe4 Ng7 19.g4 Rad8 20.a4 bxa4 21.Rxa4 Rb8 22.
Rfa1 Rfd8 23.Rxa6 1-0

[Event "Autunno Scacchistico Magistrale"]
[Site "Venezia ITA"]
[Date "2005.10.29"]
[Round "1"]
[White "Zanin, Dario"]
[Black "Dvirnyy, Danyyil"]
[Result "1/2-1/2"]
[WhiteElo "2044"]
[BlackElo "2272"]
[PlyCount "81"]
[EventDate "2005.10.29"]

1.Nf3 Nf6 2.c4 g6 3.g3 Bg7 4.Bg2 O-O 5.O-O d6 6.Nc3 e5 7.d3 Nc6 8.Rb1 a5 
9.a3 h6 10.b4 axb4 11.axb4 Be6 12.b5 Ne7 13.Qc2 Qd7 14.Rd1 Nh5 15.b6 c6 
16.d4 exd4 17.Nxd4 Bxc4 18.Ne4 Bd5 19.Bf3 f5 20.Nc3 Bxf3 21.exf3 Rae8 22.
Qb3+ Rf7 23.Ba3 Nc8 24.Na4 Re7 25.Kg2 Bf6 26.Nb2 Ng7 27.Nc4 Ne8 28.Na5 c5 
29.Ndc6 Re2 30.Bxc5 Qe6 31.Be3 Qxb3 32.Rxb3 Nxb6 33.Rxb6 bxc6 34.Nxc6 Bg5 
35.f4 Bf6 36.Rb8 Rf8 37.Nd4 Bxd4 38.Rxd4 Rc2 39.Kf3 Rc7 40.h3 h5 41.Ke2 
1/2-1/2

[Event "Autunno Scacchistico Magistrale"]
[Site "Venezia ITA"]
[Date "2005.10.29"]
[Round "1"]
[White "Zanirato, Stefano"]
[Black "Rorato, Renzo"]
[Result "0-1"]
[WhiteElo "1947"]
[BlackElo "2149"]
[PlyCount "64"]
[EventDate "2005.10.29"]

1.Nf3 Nf6 2.d3 c5 3.e4 d6 4.Be2 Nc6 5.O-O g6 6.c3 Bg7 7.Bd2 O-O 8.Qc1 d5 
9.e5 Nd7 10.d4 f6 11.Bh6 fxe5 12.Bxg7 Kxg7 13.Ng5 Rf6 14.Bg4 Qg8 15.Re1 e4
16.f3 h6 17.Nh3 exf3 18.Bxf3 Qf7 19.Qe3 Nf8 20.Nf2 cxd4 21.Qd2 e5 22.Ng4 
Bxg4 23.Bxg4 Ne6 24.Bxe6 Qxe6 25.cxd4 Nxd4 26.Nc3 Qg4 27.Kh1 Raf8 28.Nxd5 
Rf2 29.Ne3 Qxg2+ 30.Nxg2 Rxd2 31.Rad1 Rff2 32.Rxd2 Rxd2 0-1

[Event "Autunno Scacchistico Magistrale"]
[Site "Venezia ITA"]
[Date "2005.10.29"]
[Round "1"]
[White "Zarpellon, Daniel"]
[Black "Alberti, Andrea"]
[Result "0-1"]
[WhiteElo "2010"]
[BlackElo "2179"]
[PlyCount "72"]
[EventDate "2005.10.29"]

1.e4 c5 2.d4 cxd4 3.c3 d3 4.Nf3 Nc6 5.Bxd3 d6 6.O-O Nf6 7.h3 g6 8.Be3 Bg7 
9.Nbd2 O-O 10.Qe2 Qc7 11.Nd4 d5 12.Nxc6 bxc6 13.f4 dxe4 14.Nxe4 Nd5 15.Bc1
Bf5 16.Ng3 Bxd3 17.Qxd3 Rad8 18.Qf3 f5 19.Ne2 Rfe8 20.Rb1 Qb6+ 21.Kh1 Qa6 
22.a3 e5 23.fxe5 Rxe5 24.Nd4 Re4 25.Nc2 Rde8 26.Bd2 Qb6 27.b4 Be5 28.Rfe1 
Bb8 29.Rxe4 fxe4 30.Qe2 Qc7 31.g4 Qg3 32.Qg2 Qd3 33.Rc1 Nxc3 34.Bxc3 Qxc3 
35.Qf1 Rf8 36.Qg2 Rf3 0-1

[Event "Autunno Scacchistico Magistrale"]
[Site "Venezia ITA"]
[Date "2005.10.30"]
[Round "2"]
[White "Alberti, Andrea"]
[Black "Opacic, Alexandar"]
[Result "1-0"]
[WhiteElo "2179"]
[BlackElo "2122"]
[PlyCount "141"]
[EventDate "2005.10.29"]

1.d4 d5 2.c4 c6 3.Nf3 Nf6 4.e3 a6 5.Nbd2 b5 6.b3 Bg4 7.Be2 Nbd7 8.O-O e6 
9.Bb2 Bd6 10.Ne5 Bxe2 11.Qxe2 Rc8 12.a4 O-O 13.Rfc1 Bb4 14.Ndf3 bxc4 15.
bxc4 a5 16.c5 Nxe5 17.Nxe5 Nd7 18.Nd3 Ra8 19.Rcb1 Qc7 20.Nxb4 axb4 21.Bc1 
Rfb8 22.Bd2 b3 23.a5 Rb5 24.Ra3 Rab8 25.Be1 Qa7 26.Qd1 b2 27.Qe2 e5 28.Ra2
exd4 29.exd4 Nf6 30.Raxb2 Re8 31.Qf1 Rxb2 32.Rxb2 Qe7 33.Bd2 Ne4 34.Be3 
Nc3 35.Rb6 f5 36.Qd3 Nb5 37.g3 Qf6 38.a6 Ra8 39.Qd1 g5 40.Qa4 Kg7 41.Rb7+ 
Kg6 42.f4 Qe6 43.Bf2 gxf4 44.gxf4 Kh6 45.Qb3 Qg6+ 46.Kf1 Qh5 47.Qg3 Qg4 
48.Qxg4 fxg4 49.Rb6 Rc8 50.Kg2 Kg6 51.Kg3 Kf5 52.Rb7 h5 53.Re7 h4+ 54.Kxh4
Rh8+ 55.Kg3 Rh3+ 56.Kg2 Ra3 57.Re5+ Kf6 58.Rg5 Rxa6 59.Rxg4 Nc3 60.Rg8 Ra2
61.Kf3 Ne4 62.Bh4+ Kf7 63.Rg2 Ra3+ 64.Kg4 Rd3 65.Kf5 Rxd4 66.Rg6 Nxc5 67.
Rxc6 Ne6 68.Rxe6 Rd3 69.Re7+ Kf8 70.Rd7 Rh3 71.Bg3 1-0

[Event "Autunno Scacchistico Magistrale"]
[Site "Venezia ITA"]
[Date "2005.10.30"]
[Round "2"]
[White "Ambrosi, Eleonora"]
[Black "Roberti, Ignazio"]
[Result "0-1"]
[WhiteElo "2125"]
[BlackElo "1937"]
[PlyCount "122"]
[EventDate "2005.10.29"]

1.e4 c5 2.Nf3 Nf6 3.Nc3 d5 4.e5 d4 5.exf6 dxc3 6.bxc3 exf6 7.Bb5+ Bd7 8.
Bxd7+ Qxd7 9.O-O Be7 10.d4 O-O 11.a4 Nc6 12.Qd3 Rfd8 13.Rd1 Rac8 14.d5 Ne5
15.Nxe5 fxe5 16.c4 f5 17.Bb2 Bf6 18.Re1 e4 19.Qb3 Bxb2 20.Qxb2 Re8 21.Qc1 
Qd6 22.Qg5 g6 23.Ra3 Qa6 24.Rg3 Rf8 25.h4 Rc7 26.Qf4 Rg7 27.h5 Qxc4 28.
hxg6 hxg6 29.Qd6 Qa6 30.Qxc5 Qxa4 31.Ra3 Qd7 32.Qd4 b5 33.Rea1 Rff7 34.Ra6
Qd8 35.d6 Rf6 36.Rc6 a5 37.Qc5 Kh7 38.Rd1 Rf8 39.Qxb5 Rd7 40.Qe5 Re8 41.
Qd4 f4 42.Rc3 f3 43.g3 Re6 44.Rc6 a4 45.Qc5 Qf8 46.Rc7 Ree7 47.Rxd7 Rxd7 
48.Qc6 Qd8 49.c4 e3 50.fxe3 f2+ 51.Kxf2 Qf6+ 52.Kg2 Rf7 53.Rh1+ Kg7 54.Qd5
Qf2+ 55.Kh3 Qxe3 56.d7 Rf3 57.Rg1 Rf8 58.Rd1 Rh8+ 59.Kg2 Qe2+ 60.Kg1 Qh2+ 
61.Kf1 Rf8+ 0-1

[Event "Autunno Scacchistico Magistrale"]
[Site "Venezia ITA"]
[Date "2005.10.30"]
[Round "2"]
[White "De Nardi, Riccardo"]
[Black "Del Monaco, Andrea"]
[Result "0-1"]
[WhiteElo "1943"]
[BlackElo "2234"]
[PlyCount "60"]
[EventDate "2005.10.29"]

1.e4 c5 2.d4 cxd4 3.c3 Nf6 4.Qxd4 Nc6 5.Qe3 d5 6.exd5 Qxd5 7.Nf3 e5 8.c4 
Qe4 9.Nc3 Bb4 10.Bd2 Qxe3+ 11.Bxe3 Ne4 12.Rc1 Bf5 13.Be2 O-O-O 14.O-O Nxc3
15.bxc3 Ba3 16.Rcd1 Bb2 17.Nh4 Bc2 18.Rxd8+ Rxd8 19.Nf3 f6 20.Kh1 Bd3 21.
Ng1 Bxc3 22.Rc1 Bb2 23.Rd1 Bxe2 24.Rxd8+ Kxd8 25.Nxe2 Kd7 26.f4 Bd4 27.
Nxd4 exd4 28.Bd2 Kd6 29.Kg1 f5 30.Kf2 Kc5 0-1

[Event "Autunno Scacchistico Magistrale"]
[Site "Venezia ITA"]
[Date "2005.10.30"]
[Round "2"]
[White "Dervishi, Erald"]
[Black "Xia, Jie"]
[Result "1-0"]
[WhiteElo "2489"]
[BlackElo "2111"]
[PlyCount "59"]
[EventDate "2005.10.29"]

1.e4 c5 2.Nf3 Nc6 3.d4 cxd4 4.Nxd4 Nf6 5.Nc3 e5 6.Ndb5 d6 7.Bg5 a6 8.Na3 
b5 9.Nd5 Be7 10.Bxf6 Bxf6 11.c3 O-O 12.Nc2 Bg5 13.a4 Rb8 14.axb5 axb5 15.
h4 Bh6 16.g3 Kh8 17.Bg2 f5 18.exf5 Bxf5 19.O-O Bxc2 20.Qxc2 Ne7 21.Rad1 
Nxd5 22.Rxd5 Qb6 23.Be4 Rf6 24.Kg2 g6 25.b4 Rc8 26.Ra1 g5 27.hxg5 Bxg5 28.
Qe2 Rxc3 29.Ra8+ Kg7 30.Rxb5 1-0

[Event "Autunno Scacchistico Magistrale"]
[Site "Venezia ITA"]
[Date "2005.10.30"]
[Round "2"]
[White "Di Lascio, Savino"]
[Black "Drezzadore, Dario"]
[Result "0-1"]
[WhiteElo "1926"]
[BlackElo "2061"]
[PlyCount "54"]
[EventDate "2005.10.29"]

1.Nf3 Nf6 2.g3 g6 3.Bg2 Bg7 4.O-O O-O 5.d3 c5 6.e4 d6 7.c3 Nc6 8.Qe2 Rb8 
9.a4 Qc7 10.Re1 Na5 11.e5 Nh5 12.Bg5 h6 13.exd6 exd6 14.Be7 Be6 15.Bxf8 
Rxf8 16.Nbd2 Qb6 17.Reb1 Bf5 18.Nh4 Bd7 19.Nc4 Nxc4 20.dxc4 Re8 21.Qd2 g5 
22.Nf3 Nf6 23.Ne1 Ne4 24.Bxe4 Rxe4 25.Rd1 Be6 26.Qxd6 Rxe1+ 27.Kg2 Qxd6 
0-1

[Event "Autunno Scacchistico Magistrale"]
[Site "Venezia ITA"]
[Date "2005.10.30"]
[Round "2"]
[White "Faccia, Sergio"]
[Black "Bonafede, Alessandro"]
[Result "1-0"]
[WhiteElo "2004"]
[BlackElo "2147"]
[PlyCount "101"]
[EventDate "2005.10.29"]

1.e4 c5 2.b4 b6 3.bxc5 bxc5 4.Nf3 e6 5.Bc4 d6 6.O-O Be7 7.c3 Nf6 8.Re1 O-O
9.d4 Nxe4 10.d5 Nf6 11.dxe6 fxe6 12.Bxe6+ Bxe6 13.Rxe6 d5 14.Bg5 Nbd7 15.
Nbd2 Re8 16.Qe2 Nf8 17.Re1 Ne4 18.Bxe7 Qd7 19.Rxe4 dxe4 20.Qxe4 Ng6 21.
Qc4+ Kh8 22.Bg5 Rf8 23.Qxc5 h6 24.Be3 Rf5 25.Qd4 Qxd4 26.Bxd4 Ra5 27.h4 
Rb8 28.Nc4 Rxa2 29.Re4 Rf8 30.Nce5 Nxe5 31.Nxe5 Kh7 32.h5 Re8 33.Rf4 Ra5 
34.Nf3 Re7 35.g4 g6 36.Rf8 gxh5 37.Nh4 Rg7 38.Bxg7 Kxg7 39.Rf4 Rg5 40.f3 
hxg4 41.Rxg4 Kf6 42.Rxg5 Kxg5 43.Ng2 a5 44.Ne3 Kf4 45.Kf2 a4 46.Nc2 h5 47.
c4 Ke5 48.Kg3 Kd6 49.f4 Ke6 50.Kh4 Kf5 51.c5 1-0

[Event "Autunno Scacchistico Magistrale"]
[Site "Venezia ITA"]
[Date "2005.10.30"]
[Round "2"]
[White "Fattorelli, Luciano"]
[Black "Cesaro, Giuliano"]
[Result "0-1"]
[WhiteElo "2079"]
[BlackElo "1954"]
[PlyCount "48"]
[EventDate "2005.10.29"]

1.e4 c6 2.d4 d5 3.Nd2 dxe4 4.Nxe4 Nd7 5.Nf3 Ngf6 6.Ng3 e6 7.Bd3 Be7 8.Qe2 
O-O 9.O-O c5 10.c3 cxd4 11.Nxd4 Bc5 12.Nc2 Qc7 13.Bg5 h6 14.Be3 b6 15.Ne4 
Bb7 16.Bxc5 bxc5 17.c4 Rab8 18.Nxf6+ Nxf6 19.Ne3 Rfd8 20.Rfd1 Rd4 21.Nc2 
Rh4 22.g3 Qc6 23.f3 Rh5 24.Ne1 Qc7 0-1

[Event "Autunno Scacchistico Magistrale"]
[Site "Venezia ITA"]
[Date "2005.10.30"]
[Round "2"]
[White "Guglielmi, Dante"]
[Black "Bianchi, Andrea"]
[Result "0-1"]
[WhiteElo "2030"]
[BlackElo "2160"]
[PlyCount "116"]
[EventDate "2005.10.29"]

1.c4 e6 2.Nc3 d5 3.cxd5 exd5 4.d4 c6 5.Nf3 Bf5 6.e3 Nd7 7.Bd3 Bxd3 8.Qxd3 
Ngf6 9.O-O Be7 10.Rb1 O-O 11.b4 Re8 12.b5 cxb5 13.Qxb5 Nb6 14.Na4 Nxa4 15.
Qxa4 b6 16.Ne5 Bd6 17.Nf3 Qe7 18.Bd2 Rec8 19.Rfc1 Ne4 20.Rc6 Qb7 21.Rbc1 
Rxc6 22.Qxc6 Qxc6 23.Rxc6 Rd8 24.a4 Kf8 25.Bc1 Ke7 26.Ne5 Bxe5 27.dxe5 Kd7
28.Rc2 Rc8 29.Rxc8 Kxc8 30.Ba3 Nc3 31.a5 bxa5 32.Kf1 Kb7 33.Ke1 Kc6 34.Bb2
Nb5 35.Kd2 g6 36.g4 Kc5 37.Kd3 a4 38.f4 a3 39.Ba1 Kb4 40.Kc2 Kc4 41.f5 
gxf5 42.gxf5 a5 43.e6 fxe6 44.fxe6 Nd6 45.e7 a4 46.Bh8 Kc5 47.Be5 Ne8 48.
Kc3 a2 49.Kb2 Kc6 50.Kxa2 Kd7 51.Ka3 Kxe7 52.Kxa4 Ke6 53.Bg3 Kf5 54.Kb4 
Ke4 55.Kc5 Ng7 56.Bf4 Ne6+ 57.Kd6 Nxf4 58.exf4 d4 0-1

[Event "Autunno Scacchistico Magistrale"]
[Site "Venezia ITA"]
[Date "2005.10.30"]
[Round "2"]
[White "Marson, Antonio"]
[Black "Zarpellon, Daniel"]
[Result "0-1"]
[WhiteElo "1854"]
[BlackElo "2010"]
[PlyCount "70"]
[EventDate "2005.10.29"]

1.d4 b6 2.Nf3 Bb7 3.Bf4 Nf6 4.e3 e6 5.Nbd2 c5 6.c3 Be7 7.h3 d5 8.Bxb8 Qxb8
9.Bb5+ Kf8 10.Bd3 g6 11.Ne5 Kg7 12.Ndf3 Ne4 13.Nd2 Bd6 14.Bxe4 dxe4 15.
Nec4 Be7 16.O-O Qc7 17.a4 Bd5 18.Na3 Rad8 19.Qc2 f5 20.Nb5 Qb7 21.Na3 Rd7 
22.Rfd1 cxd4 23.c4 d3 24.Qb3 Bc6 25.Nb5 Bxb5 26.cxb5 Qd5 27.Rac1 Qxb3 28.
Nxb3 Bf6 29.Rd2 Re8 30.Rc6 Ree7 31.a5 Rc7 32.axb6 Rxc6 33.bxc6 axb6 34.Rd1
Rc7 35.Ra1 Rxc6 0-1

[Event "Autunno Scacchistico Magistrale"]
[Site "Venezia ITA"]
[Date "2005.10.30"]
[Round "2"]
[White "Marson, Luca"]
[Black "Vianello, Enrico"]
[Result "0-1"]
[WhiteElo "1972"]
[BlackElo "2086"]
[PlyCount "54"]
[EventDate "2005.10.29"]

1.e4 c5 2.Nf3 Nc6 3.d4 cxd4 4.Nxd4 Nf6 5.Nc3 e5 6.Ndb5 d6 7.Bg5 a6 8.Na3 
b5 9.Nd5 Be7 10.Bxf6 Bxf6 11.c3 Ne7 12.Nxf6+ gxf6 13.Qf3 f5 14.exf5 Bxf5 
15.Bd3 Be6 16.O-O O-O 17.Qf6 Nd5 18.Qh6 Nf6 19.Rfe1 Kh8 20.Rad1 Rg8 21.Bb1
Rg7 22.Qd2 Bg4 23.Qxd6 Bxd1 24.Rxd1 Rg8 25.Bc2 Qxd6 26.Rxd6 Kg7 27.Bxh7 
Nxh7 0-1

[Event "Autunno Scacchistico Magistrale"]
[Site "Venezia ITA"]
[Date "2005.10.30"]
[Round "2"]
[White "Mosconi, Ariel Oscar"]
[Black "Zanin, Dario"]
[Result "1-0"]
[WhiteElo "2164"]
[BlackElo "2044"]
[PlyCount "93"]
[EventDate "2005.10.29"]

1.g3 g6 2.Bg2 Bg7 3.d4 Nf6 4.Nf3 O-O 5.O-O d6 6.a4 c5 7.dxc5 dxc5 8.Qxd8 
Rxd8 9.Na3 Nc6 10.c3 Be6 11.Be3 Nd7 12.Ng5 Bb3 13.Bxc6 bxc6 14.Ne4 Bxa4 
15.Nxc5 Nxc5 16.Bxc5 Bb3 17.Nb1 a6 18.Re1 Bf6 19.Be3 Rdb8 20.Bc1 Kg7 21.
Nd2 Bd5 22.e4 Be6 23.e5 Bg5 24.f4 Bh6 25.Ne4 Bc4 26.Rd1 Rd8 27.Be3 f6 28.
exf6+ exf6 29.Bd4 Rf8 30.b4 Bd5 31.Re1 Rae8 32.Nd6 Rxe1+ 33.Rxe1 Kg8 34.c4
Rd8 35.Nb7 Rb8 36.cxd5 cxd5 37.Re7 Bf8 38.Rd7 Bxb4 39.Bxf6 Bf8 40.Be5 Rc8 
41.Nd8 d4 42.Ne6 d3 43.Rxd3 Rc1+ 44.Kg2 Kf7 45.Ng5+ Kg8 46.Rd7 h6 47.Nh7 
1-0